[Event "Titled Tuesday intern op 11th Jan"]
[Site "Chess.com INT"]
[Date "2022.01.11"]
[Round "10"]
[White "Devaev, Alexander"]
[Black "Shapkin, Anatoliy"]
[Result "0-1"]
[WhiteElo "2325"]
[BlackElo "2283"]
[PlyCount "60"]
[EventDate "2022.01.11"]
[EventType "swiss (blitz)"]
[EventRounds "11"]
[EventCountry "USA"]
[SourceTitle "CBM 206 Extra"]
[Source "ChessBase"]
[SourceDate "2022.03.31"]
[SourceVersion "1"]
[SourceVersionDate "2022.03.31"]
[SourceQuality "1"]

1. d4 Nf6 2. c4 g6 3. Nc3 d5 4. Nf3 Bg7 5. Bg5 Ne4 6. cxd5 Nxg5 7. Nxg5 e6 8. Nf3 exd5 9. b4 0-0 10. Qb3 c6 11. e3 Nd7 12. Be2 a6 13. a4 a5 14. b5 c5 15. Qxd5 cxd4 16. Nxd4 Nb6 17. Qxd8 Rxd8 18. Rd1 Bd7 19. 0-0 Rac8 20. Rc1 Rc7 21. Bf3 Rdc8 22. Na2 Nxa4 23. h3 Bxd4 24. exd4 Bxb5 25. Bxb7 Rxc1 26. Rxc1 Rxc1+ 27. Nxc1 Bc4 28. d5 Nc3 29. d6 Kf8 30. Bf3 a4 0-1

[Event "Titled Tuesday intern op 11th Jan"]
[Site "Chess.com INT"]
[Date "2022.01.11"]
[Round "4"]
[White "Shapkin, Anatoliy"]
[Black "Barp, Alberto"]
[Result "1-0"]
[WhiteElo "2283"]
[BlackElo "2388"]
[PlyCount "39"]
[EventDate "2022.01.11"]
[EventType "swiss (blitz)"]
[EventRounds "11"]
[EventCountry "USA"]
[SourceTitle "CBM 206 Extra"]
[Source "ChessBase"]
[SourceDate "2022.03.31"]
[SourceVersion "1"]
[SourceVersionDate "2022.03.31"]
[SourceQuality "1"]

1. d4 Nf6 2. c4 e6 3. g3 c5 4. d5 exd5 5. cxd5 b5 6. Nf3 d6 7. e4 Nbd7 8. Bxb5 Qa5+ 9. Nc3 Nxe4 10. 0-0 Nxc3 11. Bxd7+ Bxd7 12. Re1+ Be7 13. bxc3 Qd8 14. Qe2 Kf8 15. Bf4 g5 16. Nxg5 Bxg5 17. Bxd6+ Kg7 18. Bxc5 Re8 19. Qf3 Qf6 20. Bd4 1-0

[Event "Titled Tuesday intern op 11th Jan"]
[Site "Chess.com INT"]
[Date "2022.01.11"]
[Round "2"]
[White "Toolin, Christopher"]
[Black "Shapkin, Anatoliy"]
[Result "0-1"]
[WhiteElo "2146"]
[BlackElo "2283"]
[PlyCount "80"]
[EventDate "2022.01.11"]
[EventType "swiss (blitz)"]
[EventRounds "11"]
[EventCountry "USA"]
[SourceTitle "CBM 206 Extra"]
[Source "ChessBase"]
[SourceDate "2022.03.31"]
[SourceVersion "1"]
[SourceVersionDate "2022.03.31"]
[SourceQuality "1"]

1. d4 Nf6 2. c4 g6 3. f3 Bg7 4. e4 0-0 5. Nc3 c5 6. d5 d6 7. Nge2 e6 8. Bg5 h6 9. Be3 exd5 10. cxd5 Re8 11. Qd2 h5 12. Nf4 a6 13. a4 Nbd7 14. Be2 Ne5 15. h4 Bd7 16. Nh3 b5 17. axb5 axb5 18. Rxa8 Qxa8 19. 0-0 b4 20. Nd1 Qa4 21. Ndf2 Bb5 22. Bxb5 Qxb5 23. Bh6 Nc4 24. Qg5 Nh7 25. Qf4 Be5 26. Qc1 Bxb2 27. Qb1 Bd4 28. Rd1 b3 29. Kh1 b2 30. Nd3 Na3 31. Qa2 b1Q 32. Rxb1 Qxb1+ 33. Qxb1 Nxb1 34. Kh2 c4 35. Nb4 c3 36. Nc2 Bc5 37. Nf4 Na3 38. Nxa3 Bxa3 39. Ne2 c2 40. Kg1 f5 0-1

[Event "Titled Tuesday intern op 03rd Aug"]
[Site "Chess.com INT"]
[Date "2021.08.03"]
[Round "4"]
[White "Filippova, Margarita"]
[Black "Shapkin, Anatoliy"]
[Result "0-1"]
[WhiteElo "1959"]
[BlackElo "2283"]
[PlyCount "88"]
[EventDate "2021.08.03"]
[EventType "swiss (blitz)"]
[EventRounds "11"]
[EventCountry "USA"]
[SourceTitle "CBM 203 Extra"]
[Source "ChessBase"]
[SourceDate "2021.09.30"]
[SourceVersion "1"]
[SourceVersionDate "2021.09.30"]
[SourceQuality "1"]

1. Nf3 Nf6 2. d4 g6 3. c4 Bg7 4. Nc3 d5 5. e3 0-0 6. Qb3 c6 7. Be2 Qb6 8. c5 Qc7 9. 0-0 Nbd7 10. Qa4 e5 11. b4 exd4 12. exd4 Re8 13. Bd3 Ne4 14. Ne2 Ndf6 15. b5 Bg4 16. Bf4 Qc8 17. Ne5 Bxe2 18. Bxe2 Nc3 19. Qc2 Nxe2+ 20. Qxe2 Nh5 21. Qf3 Nxf4 22. Qxf4 Bxe5 23. dxe5 cxb5 24. Rac1 Qc7 25. Rfe1 Rad8 26. Qd4 Re6 27. f4 Rc6 28. f5 gxf5 29. Rf1 b6 30. Rxf5 bxc5 31. Qf4 Rg6 32. Rf6 d4 33. e6 Qxf4 34. exf7+ Kf8 35. Rxf4 Rg5 36. Kf1 Rd7 37. h4 Re5 38. a4 a6 39. axb5 axb5 40. Ra1 Rxf7 41. Ra8+ Kg7 42. Rxf7+ Kxf7 43. Ra7+ Re7 44. Ra5 d3 0-1

[Event "Titled Tuesday intern op 22nd June"]
[Site "Chess.com INT"]
[Date "2021.06.22"]
[Round "4"]
[White "Abdusattorov, Nodirbek"]
[Black "Shapkin, Anatoliy"]
[Result "1/2-1/2"]
[WhiteElo "2634"]
[BlackElo "2283"]
[PlyCount "138"]
[EventDate "2021.06.22"]
[EventType "swiss (blitz)"]
[EventRounds "11"]
[EventCountry "USA"]
[SourceTitle "CBM 203 Extra"]
[Source "ChessBase"]
[SourceDate "2021.09.30"]
[SourceVersion "1"]
[SourceVersionDate "2021.09.30"]
[SourceQuality "1"]

1. b3 e5 2. Bb2 Nc6 3. c4 Nf6 4. e3 g6 5. Nf3 d6 6. d4 Bg7 7. Be2 0-0 8. dxe5 Ng4 9. 0-0 Ngxe5 10. Nc3 Re8 11. Qd2 Nxf3+ 12. Bxf3 Ne5 13. Be2 h5 14. Nd5 Be6 15. Rfd1 a5 16. Rac1 a4 17. b4 a3 18. Ba1 h4 19. h3 b6 20. f4 Nd7 21. Bxg7 Kxg7 22. Bf3 Bxd5 23. cxd5 Nf6 24. Qd4 Qe7 25. e4 Kg8 26. Re1 Rac8 27. e5 dxe5 28. fxe5 Nd7 29. Bg4 Kh7 30. e6 Qf6 31. Qxf6 Nxf6 32. exf7 Rxe1+ 33. Rxe1 Rf8 34. Re7 Nxd5 35. Rd7 Nxb4 36. Be6 c6 37. Kf2 Kg7 38. Ke2 b5 39. Rc7 Kf6 40. Bb3 Ke5 41. Re7+ Kf6 42. Ra7 c5 43. Rb7 c4 44. Bxc4 bxc4 45. Rxb4 Rxf7 46. Rxc4 Rb7 47. Kd2 Rb2+ 48. Rc2 Rb6 49. Kd3 Ke5 50. Re2+ Kf5 51. Kc4 g5 52. Kc3 Kf4 53. Kc4 Kg3 54. Re3+ Kxg2 55. Rxa3 Rf6 56. Rd3 g4 57. hxg4 h3 58. Rd2+ Rf2 59. Rd1 h2 60. a4 Rf4+ 61. Kb5 Rxg4 62. a5 Rg5+ 63. Kb6 Rg6+ 64. Kb7 Rg7+ 65. Kb6 Rg6+ 66. Kb5 Rf6 67. a6 Rxa6 68. Kxa6 h1Q 69. Rxh1 Kxh1 1/2-1/2

[Event "Titled Tuesday intern op 22nd June"]
[Site "Chess.com INT"]
[Date "2021.06.22"]
[Round "2"]
[White "Shapkin, Anatoliy"]
[Black "Tarlabasi, Emirhan"]
[Result "1-0"]
[WhiteElo "2283"]
[BlackElo "2301"]
[PlyCount "99"]
[EventDate "2021.06.22"]
[EventType "swiss (blitz)"]
[EventRounds "11"]
[EventCountry "USA"]
[SourceTitle "CBM 203 Extra"]
[Source "ChessBase"]
[SourceDate "2021.09.30"]
[SourceVersion "1"]
[SourceVersionDate "2021.09.30"]
[SourceQuality "1"]

1. d4 e6 2. c4 d5 3. Nf3 Nf6 4. g3 c6 5. Bg2 Nbd7 6. 0-0 Be7 7. Qc2 dxc4 8. a4 a6 9. a5 c5 10. dxc5 Nxc5 11. Qxc4 0-0 12. Nc3 Bd7 13. Ne5 Qc7 14. Bf4 Bd6 15. Nxd7 Nfxd7 16. b4 e5 17. Nd5 Qc8 18. Be3 Ne6 19. Qh4 Qd8 20. Qxd8 Rfxd8 21. Rac1 Rac8 22. Nb6 Nxb6 23. Bxb6 Rxc1 24. Rxc1 Rd7 25. Rc8+ Nf8 26. Bh3 Re7 27. Bc5 Bxc5 28. bxc5 f6 29. Bg2 Kf7 30. Bd5+ Ne6 31. c6 bxc6 32. Rxc6 f5 33. Rxa6 Kf6 34. Rxe6+ Rxe6 35. Bxe6 Kxe6 36. Kg2 Kd7 37. e4 g6 38. exf5 gxf5 39. f4 e4 40. Kf2 h5 41. Ke3 Kc6 42. h3 Kb5 43. g4 fxg4 44. hxg4 hxg4 45. f5 g3 46. f6 g2 47. Kf2 e3+ 48. Kxg2 e2 49. Kf2 Kxa5 50. f7 1-0

[Event "Titled Tuesday intern op 15th June"]
[Site "Chess.com INT"]
[Date "2021.06.15"]
[Round "10"]
[White "Shapkin, Anatoliy"]
[Black "Ibrayev, Nurlan"]
[Result "0-1"]
[WhiteElo "2283"]
[BlackElo "2388"]
[PlyCount "70"]
[EventDate "2021.06.15"]
[EventType "swiss (blitz)"]
[EventRounds "11"]
[EventCountry "USA"]
[SourceTitle "CBM 203 Extra"]
[Source "ChessBase"]
[SourceDate "2021.09.30"]
[SourceVersion "1"]
[SourceVersionDate "2021.09.30"]
[SourceQuality "1"]

1. d4 Nf6 2. c4 e6 3. g3 Bb4+ 4. Bd2 Be7 5. Nf3 0-0 6. Bg2 d5 7. 0-0 c6 8. Qc2 Nbd7 9. Bf4 b6 10. Rd1 Ba6 11. Ne5 Nxe5 12. dxe5 Ng4 13. cxd5 cxd5 14. Nc3 g5 15. Bc1 Nxe5 16. e4 d4 17. Qa4 Bd3 18. f4 dxc3 19. fxe5 Bc5+ 20. Kh1 c2 21. Re1 Bf2 22. Be3 Bxe1 23. Rxe1 h6 24. Bd2 Rc8 25. Bc3 a5 26. Qa3 Rc4 27. Qd6 Bxe4 28. Rc1 Bxg2+ 29. Kxg2 Qa8+ 30. Kf2 Rd8 31. Qxb6 Rd1 32. Rxc2 Qh1 33. Qb8+ Kh7 34. Ke3 Re4+ 35. Kf2 Qf1# 0-1

[Event "Titled Tuesday intern op 15th June"]
[Site "Chess.com INT"]
[Date "2021.06.15"]
[Round "8"]
[White "Shapkin, Anatoliy"]
[Black "Matlakov, Maxim"]
[Result "0-1"]
[WhiteElo "2283"]
[BlackElo "2688"]
[PlyCount "120"]
[EventDate "2021.06.15"]
[EventType "swiss (blitz)"]
[EventRounds "11"]
[EventCountry "USA"]
[SourceTitle "CBM 203 Extra"]
[Source "ChessBase"]
[SourceDate "2021.09.30"]
[SourceVersion "1"]
[SourceVersionDate "2021.09.30"]
[SourceQuality "1"]

1. d4 f5 2. g3 Nf6 3. Bg2 g6 4. Nf3 Bg7 5. 0-0 0-0 6. c3 d6 7. Qb3+ Kh8 8. Ng5 d5 9. c4 e6 10. Nc3 c6 11. Bf4 h6 12. Nf3 g5 13. Be5 Qe7 14. c5 Ne8 15. Bxg7+ Kxg7 16. Ne5 Nd7 17. f4 gxf4 18. gxf4 Nxe5 19. fxe5 Kh7 20. e3 Rg8 21. Ne2 b6 22. cxb6 Ba6 23. Rf2 Bxe2 24. Rxe2 Rb8 25. bxa7 Qxa7 26. Qc3 Qa6 27. Rc2 Rb7 28. Kh1 Rbg7 29. a3 Rg5 30. Rg1 R8g6 31. Rcc1 Ng7 32. Bf3 Qb7 33. b4 Qe7 34. Qd2 Qa7 35. Qb2 Qa6 36. Qc3 Qb5 37. Rxg5 hxg5 38. Qxc6 Qd3 39. Qc3 Qa6 40. Qb3 Rh6 41. b5 Qb6 42. a4 g4 43. Bg2 Qd8 44. Qc2 Qh4 45. Bf1 Nh5 46. Kg1 Ng3 47. Qg2 Ne4 48. Bd3 Ng5 49. Be2 Nh3+ 50. Kf1 Qg5 51. Qg3 Qd8 52. Rb1 Qa5 53. Qe1 Qxa4 54. b6 Qa3 55. b7 Qxe3 56. b8Q Qf4+ 57. Kg2 Qe4+ 58. Kg3 f4+ 59. Kxg4 Rg6+ 60. Kh4 f3+ 0-1

[Event "Titled Tuesday intern op 15th June"]
[Site "Chess.com INT"]
[Date "2021.06.15"]
[Round "1"]
[White "Shapkin, Anatoliy"]
[Black "Sliwicki, Damian"]
[Result "1-0"]
[WhiteElo "2283"]
[BlackElo "2169"]
[PlyCount "109"]
[EventDate "2021.06.15"]
[EventType "swiss (blitz)"]
[EventRounds "11"]
[EventCountry "USA"]
[SourceTitle "CBM 203 Extra"]
[Source "ChessBase"]
[SourceDate "2021.09.30"]
[SourceVersion "1"]
[SourceVersionDate "2021.09.30"]
[SourceQuality "1"]

1. d4 Nf6 2. c4 e6 3. g3 d5 4. Nf3 Be7 5. Bg2 h5 6. 0-0 c6 7. Qc2 Ne4 8. Nc3 f5 9. Ne5 h4 10. Ng6 Rh7 11. Nxe4 dxe4 12. Rd1 hxg3 13. hxg3 Nd7 14. d5 exd5 15. cxd5 c5 16. d6 Bg5 17. Bxe4 Bxc1 18. Raxc1 fxe4 19. Qxe4+ Kf7 20. Ne7 Nf6 21. Qg6+ Kf8 22. Rxc5 Qe8 23. Qxe8+ Kxe8 24. Rxc8+ Rxc8 25. Nxc8 Kd7 26. Ne7 Ne4 27. Nf5 g6 28. Ne3 b5 29. Nd5 Rf7 30. Nf4 g5 31. Nd3 Rf5 32. Kg2 Kxd6 33. f3 Nc5 34. Nxc5+ Kxc5 35. e4 Rf8 36. Kf2 Kb4 37. Ke3 Rc8 38. Rd4+ Ka5 39. f4 g4 40. e5 Rc2 41. Rd2 Rc1 42. f5 Rf1 43. Rf2 Re1+ 44. Kf4 Kb6 45. f6 Rc1 46. f7 Rc8 47. e6 Kc6 48. e7 Kd6 49. f8Q Rc4+ 50. Kf5 Rc5+ 51. Kf6 Re5 52. e8Q+ Kd5 53. Qxe5+ Kc4 54. Qfc5+ Kd3 55. Qcd4# 1-0

[Event "Titled Tuesday intern op 01st June"]
[Site "Chess.com INT"]
[Date "2021.06.01"]
[Round "1"]
[White "Estrada Nieto, Julian"]
[Black "Shapkin, Anatoliy"]
[Result "0-1"]
[WhiteElo "2280"]
[BlackElo "2283"]
[PlyCount "162"]
[EventDate "2021.06.01"]
[EventType "swiss (blitz)"]
[EventRounds "11"]
[EventCountry "USA"]
[SourceTitle "CBM 202 Extra"]
[Source "ChessBase"]
[SourceDate "2021.07.31"]
[SourceVersion "1"]
[SourceVersionDate "2021.07.31"]
[SourceQuality "1"]

1. e4 e5 2. Nf3 Nc6 3. Bb5 Nf6 4. 0-0 Nxe4 5. Re1 Nd6 6. Nxe5 Be7 7. Bf1 0-0 8. d4 Nf5 9. Nf3 d5 10. Bf4 Nd6 11. Nbd2 Bg4 12. c3 Re8 13. Bd3 Qd7 14. Qc2 Bf5 15. Re2 Bxd3 16. Qxd3 Bf8 17. Rae1 Rxe2 18. Rxe2 f6 19. c4 dxc4 20. Nxc4 Nxc4 21. Qxc4+ Qf7 22. d5 Ne7 23. Rd2 c6 24. Qb3 Nxd5 25. Bg3 Re8 26. h3 Bc5 27. Kh2 Qe6 28. Qxb7 Bb6 29. Nd4 Bxd4 30. Rxd4 Re7 31. Qb8+ Kf7 32. Qd6 Qxd6 33. Bxd6 Rb7 34. b3 Ke6 35. Bc5 f5 36. Ra4 Nb6 37. Rd4 Nd5 38. Ra4 Nb6 39. Rd4 Ke5 40. Rd6 Nd7 41. Ba3 c5 42. Ra6 Kd5 43. Bb2 g6 44. Kg3 Nf8 45. Ra5 Ne6 46. Ba3 Kd4 47. Ra6 Ng5 48. Kf4 Ne4 49. f3 Nc3 50. Rd6+ Nd5+ 51. Kg5 Ke5 52. Rd8 Ke6 53. Kh6 Nf4 54. Bb2 Nxg2 55. Rh8 Nf4 56. h4 Nd3 57. Bc3 Nc1 58. Rxh7 Rxh7+ 59. Kxh7 Kf7 60. h5 gxh5 61. Be5 Nxa2 62. Kh6 h4 63. Kg5 Ke6 64. Bf4 h3 65. Kh4 Nc1 66. Kxh3 Nxb3 67. Be3 Nd4 68. Kg3 a5 69. Kf2 a4 70. Bc1 Kd5 71. Bb2 Nb5 72. Ke3 c4 73. Kd2 c3+ 74. Bxc3 Nxc3 75. Kxc3 Ke5 76. Kb4 Kf4 77. Kxa4 Kxf3 78. Kb4 Ke2 79. Kc3 f4 80. Kd4 f3 81. Ke4 f2 0-1

[Event "Titled Tuesday intern op 01st June"]
[Site "Chess.com INT"]
[Date "2021.06.01"]
[Round "6"]
[White "Zhigalko, Sergei"]
[Black "Shapkin, Anatoliy"]
[Result "1-0"]
[WhiteElo "2572"]
[BlackElo "2283"]
[PlyCount "45"]
[EventDate "2021.06.01"]
[EventType "swiss (blitz)"]
[EventRounds "11"]
[EventCountry "USA"]
[SourceTitle "CBM 202 Extra"]
[Source "ChessBase"]
[SourceDate "2021.07.31"]
[SourceVersion "1"]
[SourceVersionDate "2021.07.31"]
[SourceQuality "1"]

1. e4 e5 2. Nf3 Nc6 3. Bc4 Bc5 4. b4 Bb6 5. a4 a6 6. Nc3 Nf6 7. Nd5 Nxd5 8. exd5 Nd4 9. a5 Ba7 10. d6 0-0 11. 0-0 Nf5 12. dxc7 Qxc7 13. Bb3 d6 14. Bb2 Be6 15. Bxe6 fxe6 16. d4 exd4 17. Nxd4 Nxd4 18. Bxd4 Bxd4 19. Qxd4 d5 20. Rfe1 Rf4 21. Qd2 Rc8 22. Rxe6 Qxc2 23. Qxf4 1-0

[Event "Titled Tuesday intern op 25th May"]
[Site "Chess.com INT"]
[Date "2021.05.25"]
[Round "6"]
[White "Shapkin, Anatoliy"]
[Black "Pridorozhni, Aleksei"]
[Result "1/2-1/2"]
[WhiteElo "2283"]
[BlackElo "2555"]
[PlyCount "113"]
[EventDate "2021.05.25"]
[EventType "swiss (blitz)"]
[EventRounds "11"]
[EventCountry "USA"]
[SourceTitle "CBM 203 Extra"]
[Source "ChessBase"]
[SourceDate "2021.09.30"]
[SourceVersion "1"]
[SourceVersionDate "2021.09.30"]
[SourceQuality "1"]

1. d4 d5 2. c4 e6 3. Nf3 c6 4. Nbd2 Nf6 5. g3 Nbd7 6. Bg2 b6 7. 0-0 Bb7 8. Qc2 Be7 9. e4 dxe4 10. Nxe4 0-0 11. Bf4 c5 12. Nxf6+ Nxf6 13. Rad1 Qc8 14. Qe2 cxd4 15. Rxd4 Rd8 16. Rfd1 Rxd4 17. Nxd4 h6 18. Bxb7 Qxb7 19. Qf3 Qxf3 20. Nxf3 Rc8 21. b3 Kf8 22. Ne5 Ke8 23. Kg2 Bb4 24. Kf3 Bc3 25. g4 Rc5 26. Nd3 Rc8 27. Be5 Bxe5 28. Nxe5 Rc5 29. Nd3 Rg5 30. h3 h5 31. Kf4 Ra5 32. a4 hxg4 33. hxg4 g5+ 34. Kf3 Nd7 35. Rh1 Ne5+ 36. Nxe5 Rxe5 37. Rh8+ Ke7 38. Ra8 Ra5 39. Ke3 f5 40. gxf5 exf5 41. Kd4 g4 42. Ke3 Kd6 43. Kf4 Kc5 44. Kxf5 Kb4+ 45. Kxg4 Kxb3 46. f4 Rxa4 47. f5 Rxc4+ 48. Kg5 a5 49. f6 Rc5+ 50. Kg6 Rc6 51. Kf5 Rxf6+ 52. Kxf6 a4 53. Ke5 a3 54. Kd5 a2 55. Kc6 Kb2 56. Rxa2+ Kxa2 57. Kxb6 1/2-1/2

[Event "Titled Tuesday intern op 25th May"]
[Site "Chess.com INT"]
[Date "2021.05.25"]
[Round "11"]
[White "Zhigalko, Sergei"]
[Black "Shapkin, Anatoliy"]
[Result "1-0"]
[WhiteElo "2572"]
[BlackElo "2283"]
[PlyCount "43"]
[EventDate "2021.05.25"]
[EventType "swiss (blitz)"]
[EventRounds "11"]
[EventCountry "USA"]
[SourceTitle "CBM 203 Extra"]
[Source "ChessBase"]
[SourceDate "2021.09.30"]
[SourceVersion "1"]
[SourceVersionDate "2021.09.30"]
[SourceQuality "1"]

1. e4 e5 2. Nf3 Nc6 3. Bc4 Bc5 4. b4 Bb6 5. a4 a6 6. Nc3 Nf6 7. Nd5 Nxd5 8. exd5 Nd4 9. a5 Ba7 10. d6 0-0 11. 0-0 c6 12. Nxe5 Qf6 13. Nxf7 Rxf7 14. Bxf7+ Qxf7 15. Bb2 Qd5 16. Re1 Qxd6 17. Re8+ Kf7 18. Rh8 h6 19. Qh5+ Kf6 20. Re1 b5 21. g4 Bb7 22. Qf5# 1-0

[Event "Titled Tuesday intern op 04th May"]
[Site "Chess.com INT"]
[Date "2021.05.04"]
[Round "6"]
[White "Pantzar, Milton"]
[Black "Shapkin, Anatoliy"]
[Result "1-0"]
[WhiteElo "2421"]
[BlackElo "2283"]
[PlyCount "130"]
[EventDate "2021.05.04"]
[EventType "swiss (blitz)"]
[EventRounds "11"]
[EventCountry "USA"]
[SourceTitle "CBM 202 Extra"]
[Source "ChessBase"]
[SourceDate "2021.07.31"]
[SourceVersion "1"]
[SourceVersionDate "2021.07.31"]
[SourceQuality "1"]

1. c4 c5 2. Nc3 Nc6 3. g3 Nf6 4. Bg2 g6 5. e3 Bg7 6. Nge2 0-0 7. 0-0 e6 8. d4 cxd4 9. exd4 d5 10. cxd5 Nxd5 11. Nxd5 exd5 12. Be3 Be6 13. Qd2 Re8 14. Rfd1 Qa5 15. Qxa5 Nxa5 16. b3 Nc6 17. Nf4 Rac8 18. Nxd5 Red8 19. Nf4 Nxd4 20. Nxe6 Nxe6 21. Rxd8+ Rxd8 22. Rc1 b6 23. h4 Bd4 24. Bxd4 Rxd4 25. Rc2 Nc5 26. Bf3 a5 27. Kf1 Kf8 28. Ke2 a4 29. bxa4 Rxa4 30. Bd5 Rb4 31. Rd2 Ke7 32. Kf3 f6 33. Bg8 h6 34. Bh7 g5 35. hxg5 hxg5 36. Bf5 Ra4 37. Rb2 Ra6 38. Bc8 Ra8 39. Bf5 Ra6 40. Bc8 Ra3+ 41. Kg2 Nd3 42. Re2+ Kd8 43. Bf5 Ne5 44. Rb2 Kc7 45. Rc2+ Kd6 46. Rd2+ Kc5 47. Re2 b5 48. Be6 Rc3 49. Rd2 b4 50. Rd8 Kb6 51. Rf8 Rc2 52. Rxf6 Kc5 53. Rf5 Kb5 54. Rxe5+ Kb6 55. Bb3 Rd2 56. Rxg5 Rb2 57. Rf5 Rd2 58. g4 Rd4 59. Kg3 Rd3+ 60. f3 Rd2 61. g5 Kc6 62. g6 Kd6 63. g7 Rd1 64. Rg5 Rg1+ 65. Kf4 Rc1 1-0

[Event "Titled Tuesday intern op 04th May"]
[Site "Chess.com INT"]
[Date "2021.05.04"]
[Round "5"]
[White "Shapkin, Anatoliy"]
[Black "Przybylski, Wojciech"]
[Result "1-0"]
[WhiteElo "2283"]
[BlackElo "2321"]
[PlyCount "65"]
[EventDate "2021.05.04"]
[EventType "swiss (blitz)"]
[EventRounds "11"]
[EventCountry "USA"]
[SourceTitle "CBM 202 Extra"]
[Source "ChessBase"]
[SourceDate "2021.07.31"]
[SourceVersion "1"]
[SourceVersionDate "2021.07.31"]
[SourceQuality "1"]

1. d4 Nf6 2. Nf3 d5 3. Bf4 Bf5 4. e3 c6 5. c4 e6 6. Nc3 Nbd7 7. Qb3 Qb6 8. c5 Qxb3 9. axb3 a6 10. b4 Rc8 11. h3 h6 12. Nd2 Be7 13. Nb3 Bd8 14. Na5 Bxa5 15. bxa5 e5 16. Bh2 exd4 17. exd4 0-0 18. f3 Rfe8+ 19. Kf2 Nf8 20. Ra4 Ne6 21. Rb4 Re7 22. Bd6 Rd7 23. Be2 Re8 24. g4 Bg6 25. h4 Red8 26. Ra1 Ne8 27. Bg3 h5 28. Bd1 f5 29. Be5 fxg4 30. fxg4 Rf7+ 31. Kg3 hxg4 32. Bxg4 Nf6 33. Bxe6 1-0

[Event "Titled Tuesday intern op 06th Apr"]
[Site "Chess.com INT"]
[Date "2021.04.06"]
[Round "5"]
[White "Shapkin, Anatoliy"]
[Black "Benitez Lozano, Javier"]
[Result "0-1"]
[WhiteElo "2283"]
[BlackElo "2367"]
[PlyCount "68"]
[EventDate "2021.04.06"]
[EventType "swiss (blitz)"]
[EventRounds "11"]
[EventCountry "USA"]
[SourceTitle "CBM 201 Extra"]
[Source "ChessBase"]
[SourceDate "2021.05.31"]
[SourceVersion "1"]
[SourceVersionDate "2021.05.31"]
[SourceQuality "1"]

1. d4 Nf6 2. c4 e6 3. g3 c5 4. d5 exd5 5. cxd5 b5 6. Nf3 d6 7. e4 a6 8. a4 Nxe4 9. axb5 Be7 10. Bd3 Nf6 11. 0-0 0-0 12. Nc3 Bb7 13. bxa6 Nxa6 14. Re1 Nb4 15. Rxa8 Bxa8 16. Bc4 Nd7 17. Bf4 Nb6 18. b3 Bf6 19. Ne4 Be7 20. Nc3 Bf6 21. Nb5 Be7 22. Qe2 N4xd5 23. Bd2 Bf6 24. Qd3 Nb4 25. Bxb4 cxb4 26. Qe2 Nxc4 27. bxc4 Bc6 28. Nfd4 Re8 29. Qd2 Rxe1+ 30. Qxe1 Bxb5 31. Nxb5 b3 32. Qb4 b2 33. Kg2 g6 34. Nxd6 b1Q 0-1

[Event "Titled Tuesday intern op 30th Mar"]
[Site "Chess.com INT"]
[Date "2021.03.30"]
[Round "8"]
[White "Brunner, Nicolas"]
[Black "Shapkin, Anatoliy"]
[Result "1/2-1/2"]
[WhiteElo "2418"]
[BlackElo "2283"]
[PlyCount "244"]
[EventDate "2021.03.30"]
[EventType "swiss (blitz)"]
[EventRounds "11"]
[EventCountry "USA"]
[SourceTitle "CBM 201 Extra"]
[Source "ChessBase"]
[SourceDate "2021.05.31"]
[SourceVersion "1"]
[SourceVersionDate "2021.05.31"]
[SourceQuality "1"]

1. d4 Nf6 2. c4 g6 3. Nc3 d5 4. cxd5 Nxd5 5. g3 Bg7 6. Bg2 Nxc3 7. bxc3 0-0 8. Nf3 c5 9. 0-0 Nc6 10. e3 b6 11. Ne5 Nxe5 12. Bxa8 Bg4 13. f3 Bh3 14. Be4 Bxf1 15. Qxf1 Nd7 16. f4 cxd4 17. cxd4 Nc5 18. Bg2 Bxd4 19. Rb1 Bg7 20. Kh1 Qd3 21. Qxd3 Nxd3 22. Ba3 Rc8 23. Bf1 Nc5 24. Rc1 e6 25. Bxc5 bxc5 26. Kg2 Bf8 27. Bc4 Rd8 28. Rc2 Kg7 29. Kf3 Kf6 30. e4 e5 31. fxe5+ Kxe5 32. Bxf7 Rd3+ 33. Ke2 Ra3 34. Bd5 Bd6 35. Rd2 Rc3 36. Rd3 Rc2+ 37. Rd2 Rc1 38. Rd1 Rxd1 39. Kxd1 Kd4 40. Kc2 Be5 41. Bg8 h6 42. Bh7 g5 43. Bf5 c4 44. Kd2 c3+ 45. Kc2 Ke3 46. h4 g4 47. Bxg4 Kxe4 48. h5 Kd4 49. Bf5 Bxg3 50. Bg6 Be5 51. Bf7 Ke4 52. Bg6+ Kf4 53. Bf7 Kg5 54. Bg6 Kf6 55. Be8 Ke7 56. Bg6 a5 57. Be4 Ke6 58. Bg6 Bd4 59. Bd3 Kd5 60. Bg6 Kc5 61. Bf7 Kd6 62. Bg6 Ke5 63. Be8 Kf6 64. Bg6 Be5 65. Bd3 Kg5 66. Bg6 Bg7 67. Be8 Kf6 68. Bg6 Ke6 69. Be8 Ke7 70. Bg6 Kf8 71. Bd3 Ke7 72. Bg6 Kd6 73. Bd3 Kc5 74. Bg6 Kb4 75. Bf7 Ka3 76. Bg8 Bf6 77. Bf7 Kb4 78. Bg8 Kc5 79. Bf7 Kd4 80. Bg6 Ke3 81. Bf7 Kf3 82. Be8 Kg3 83. Bf7 Kf4 84. Be8 Kg5 85. Bg6 Be5 86. Be8 Kf6 87. Bg6 Ke7 88. Bd3 Kf6 89. Bg6 Kg5 90. Be8 Kg4 91. Bg6 Kh4 92. Be8 Bd6 93. Bg6 Bb4 94. Be8 Kg5 95. Bg6 a4 96. Be8 a3 97. Bg6 Kf4 98. Be8 Ke5 99. Bg6 Kd4 100. Be8 Kc5 101. Bg6 Ba5 102. Be8 Kb4 103. Bg6 Bc7 104. Bf7 Bf4 105. Bg6 Bd2 106. Bf7 Kc5 107. Bg6 Kd4 108. Bd3 Ke3 109. Bg6 Be1 110. Bf7 Kf4 111. Bg6 Kg5 112. Be8 Kf6 113. Bg6 Ke6 114. Bd3 Ke5 115. Bg6 Bd2 116. Be8 Kd4 117. Bg6 Kc4 118. Bf7+ Kb4 119. Bg6 Ka4 120. Bf7 Kb4 121. Bg6 Ka4 122. Bf7 Kb4 1/2-1/2

[Event "Titled Tuesday intern op 30th Mar"]
[Site "Chess.com INT"]
[Date "2021.03.30"]
[Round "2"]
[White "Rytenko, Vsevolod"]
[Black "Shapkin, Anatoliy"]
[Result "1/2-1/2"]
[WhiteElo "2403"]
[BlackElo "2283"]
[PlyCount "126"]
[EventDate "2021.03.30"]
[EventType "swiss (blitz)"]
[EventRounds "11"]
[EventCountry "USA"]
[SourceTitle "CBM 201 Extra"]
[Source "ChessBase"]
[SourceDate "2021.05.31"]
[SourceVersion "1"]
[SourceVersionDate "2021.05.31"]
[SourceQuality "1"]

1. d4 Nf6 2. c4 g6 3. Nc3 d5 4. Bg5 Bg7 5. e3 0-0 6. Nf3 Ne4 7. Nxe4 dxe4 8. Nd2 c5 9. Nb3 cxd4 10. exd4 Nc6 11. Be3 a5 12. a4 Nb4 13. Be2 b6 14. 0-0 f5 15. Qd2 Ba6 16. Rac1 Rc8 17. c5 bxc5 18. Bxa6 Nxa6 19. Nxc5 Nxc5 20. Rxc5 Rxc5 21. dxc5 Qxd2 22. Bxd2 Bxb2 23. Bxa5 Ra8 24. Bb6 Rxa4 25. g3 Kf7 26. Rd1 Ra1 27. Rxa1 Bxa1 28. Kf1 Ke6 29. Ke2 Bd4 30. h3 Kd5 31. Bd8 e6 32. Bg5 Kxc5 33. Be7+ Kd5 34. Bg5 Bc5 35. Bh6 e5 36. Bg5 Bd6 37. h4 f4 38. gxf4 exf4 39. Bf6 Ke6 40. Bg5 Kf5 41. Bd8 Be5 42. h5 gxh5 43. Ba5 f3+ 44. Kf1 h4 45. Kg1 Kg4 46. Bd2 Bd4 47. Be1 h3 48. Kh2 Be5+ 49. Kh1 h5 50. Bd2 Bf4 51. Be1 Bg3 52. Kg1 e3 53. fxg3 h2+ 54. Kxh2 f2 55. Bxf2 exf2 56. Kg2 f1Q+ 57. Kxf1 Kxg3 58. Kg1 Kh3 59. Kh1 h4 60. Kg1 Kg3 61. Kh1 h3 62. Kg1 h2+ 63. Kh1 Kh3 1/2-1/2